|
|
|
|
| LEADER |
00000nab a2200000 a 4500 |
| 001 |
vtls009622926 |
| 003 |
SK-MaSNL |
| 005 |
20260303192302.0 |
| 008 |
090701c20090701xo drz 0 0slo |
| 038 |
|
|
|a KEVKJB
|
| 040 |
|
|
|a KEVKJB
|b slo
|c KEVKJB
|e AACR2
|
| 041 |
0 |
|
|a slo
|
| 044 |
|
|
|a xo
|c SK
|
| 080 |
|
|
|a 614.2:353.9
|2 2001
|
| 080 |
|
|
|a 353.9
|2 2001
|
| 100 |
1 |
|
|a Kizek, Marián
|4 aut
|9 877271
|
| 245 |
1 |
0 |
|a Krajské nemocnice vyrábajú miliónové dlhy
|b opozícia aj župan chcú veľké škrty
|c Marián Kizek
|
| 300 |
|
|
|b Fotogr.
|
| 610 |
2 |
7 |
|a Košický samosprávny kraj (Slovensko).
|b Úrad
|2 kevkjb
|9 30611
|
| 650 |
0 |
7 |
|a zdravotníctvo
|z Košický samosprávny kraj (Slovensko)
|2 kevkjb
|9 1222629
|
| 773 |
0 |
|
|t Košický Korzár
|g Roč. XII, č. 150 (1.7.2009), s. 9
|x 1335-4566
|
| 852 |
|
|
|a KEVKJB
|b KIS3GCP
|
| 999 |
|
|
|c 2145372
|d 2147302
|